Aplikasi DBMS (Data Base Management System) dalam menjalankan kerja penilaian duti setem di JPPH Cawangan Kota Kinabalu Negeri Sabah

Bibliographic Details
Main Author: Nordin Bin Daharom
Corporate Author: INSPEN
Format: Book
Subjects:
Online Access:http://app.inspen.gov.my:7779/pls/portal/docs/PAGE/CORPORATEPAGES/PORTAL_INSPEN/LAPORAN_PENYELIDIKAN_DI_PERPUSTAKAAN/FI.PDF

MARC

LEADER 00000cam a2200000 7i4500
001 0000007386
005 20070905.0
040 |a INS 
090 0 0 |a RESEARCH 72 
100 0 |a Nordin Bin Daharom   |f Haji 
245 1 0 |a Aplikasi DBMS (Data Base Management System) dalam menjalankan kerja penilaian duti setem di JPPH Cawangan Kota Kinabalu Negeri Sabah 
300 |c 30cm. 
500 |a Digital document is available on-line; Please click the URL below 
650 0 0 |a Data Base Management System 
650 0 0 |a Stamp duties 
710 2 |a INSPEN 
856 |u http://app.inspen.gov.my:7779/pls/portal/docs/PAGE/CORPORATEPAGES/PORTAL_INSPEN/LAPORAN_PENYELIDIKAN_DI_PERPUSTAKAAN/FI.PDF 
999 |a RES0000131   |b BOOK   |c Research By JPPH Staff   |e Default branch